| 000 | 00497nam a2200181 a 4500 | ||
|---|---|---|---|
| 001 | 7357 | ||
| 003 | CO-ViMGA | ||
| 008 | 141112s2004 ck r 000 u spa d | ||
| 040 |
_aCO-ViMGA _bspa _cCO-ViMGA |
||
| 082 | 0 | 4 | _a370.1 C656h |
| 100 | 1 |
_aCompayre, Gabriel _96602 |
|
| 245 | 1 | 0 |
_aHerbart : _bla educación a traves de la instrucción |
| 260 |
_aMexico : _bTrillas, _c1994 |
||
| 300 | _a97 p | ||
| 490 | _aBiblioteca grandes educadores, 8 | ||
| 650 | 1 | 4 | _aeducación - TEORIA |
| 942 |
_2ddc _cBK |
||
| 999 |
_c19316 _d19316 |
||